STN EN 13263-2 (72 2071) Kremičitý úlet do betónu. Časť 2., Hodnotenie zhody
Uložené v:
| Médium: | Kniha |
|---|---|
| Jazyk: | Slovak |
| Vydané: |
Bratislava :
Slovenský ústav technickej normalizácie,
2006.
|
| Fyzický popis: |
20 s. |
| Tagy: |
Pridať tag
Žiadne tagy, Buďte prvý kto otaguje tento záznam!
|
Titul je dostupný aj v ... 

MARC
| LEADER | 00000nam a2200000 a 4500 | ||
|---|---|---|---|
| 001 | 000330833 | ||
| 005 | 20090916140148.0 | ||
| 008 | 060428s2006 e sloo | ||
| 040 | |a KE001 |b slo | ||
| 046 | |a m |m 200605 (účin.) |n 20090901 | ||
| 084 | |a 91.100.30 | ||
| 245 | 0 | 0 | |a STN EN 13263-2 (72 2071) Kremičitý úlet do betónu. |n Časť 2., |p Hodnotenie zhody |
| 246 | 3 | 0 | |a Hodnotenie zhody |
| 260 | |a Bratislava : |b Slovenský ústav technickej normalizácie, |c 2006. | ||
| 300 | |a 20 s. | ||
| 500 | |a cen. sk. 11 | ||
| 500 | |a Norma je nahradená normou STN EN 13263-2 + A1 zo septembra 2009 v celom rozsahu | ||
| 850 | |a KE001 | ||
| 998 | |a NO | ||
| 920 | |a máj 2006 | ||
| 090 | |g SCKHL |k Normy Pribinova 1 |a STN EN 13263-2 |j 1128 |i I4601 |s Normy-prez. | ||